000
00191 a2200097 4500
020
_a
9781449925031
041
_a
eng
100
_a
Locke, M. Louisa
245
_a
Maids of misfortune
942
_c
BK
999
_c
8387
_d
8387